The Oxford companion to the English language /
Sparad:
| Huvudupphovsman: | |
|---|---|
| Övriga upphovsmän: | |
| Materialtyp: | Bok |
| Publicerad: |
Oxford ; New York :
Oxford University Press,
c1996.
|
| Ämnen: | |
| Länkar: | Publisher description Contributor biographical information |
| Taggar: |
Lägg till en tagg
Inga taggar, Lägg till första taggen!
|
| Thư viện lưu trữ: | Mạng thư viện Đại học Đà Nẵng |
|---|
| LEADER | 01390nam a2200349 a 4500 | ||
|---|---|---|---|
| 001 | 000041932 | ||
| 005 | 20200623150825.0 | ||
| 020 | |a 0198631367 | ||
| 040 | |a LNN |c LNN |d LNN | ||
| 082 | 0 | 0 | |a 423 |b MC-T |
| 100 | |a McArthur,Tom | ||
| 245 | 0 | 4 | |a The Oxford companion to the English language / |c editor, Tom McArthur ; managing editor, Feri McArthur. |
| 260 | |a Oxford ; |a New York : |b Oxford University Press, |c c1996. | ||
| 300 | |a xxvii, 1052p : |b ill., map ; |c 25 cm. | ||
| 500 | |a Includes index. | ||
| 650 | 0 | |a English philology |x Encyclopedias. | |
| 650 | 0 | |a Language and languages |x Encyclopedias. | |
| 700 | 1 | |a McArthur, Tom |q (Thomas Burns) | |
| 740 | 0 | |a English language. | |
| 856 | 4 | 2 | |3 Publisher description |u http://www.loc.gov/catdir/enhancements/fy0638/92224249-d.html |
| 856 | 4 | 2 | |3 Contributor biographical information |u http://www.loc.gov/catdir/enhancements/fy0724/92224249-b.html |
| OWN | |a LNN | ||
| 902 | |a TKA | ||
| AVA | |a UDN50 |b LNN |c English |d 420.3 Ox-C |e available |t Error 5001 Not defined in file expand_doc_bib_avail. |f 1 |g 0 |h N |i 0 |j AN |k 1 | ||
| 999 | |a From the UDN01 | ||
| AVA | |a UDN50 |b LNN |c English |d 420.3 Ox-C |e available |t Error 5001 Not defined in file expand_doc_bib_avail. |f 1 |g 0 |h N |i 0 |j AN |k 1 | ||
| TYP | |a Monograph | ||
| TYP | |a Printed language | ||
| TYP | |a GV | ||
| 980 | |a Mạng thư viện Đại học Đà Nẵng | ||


